[Event "Solingen-ch"]
[Site "Solingen"]
[Date "2012.12.07"]
[Round "7"]
[White "Skiber, Friedel"]
[Black "Andrae, Philipp"]
[Result "0-1"]
[WhiteElo "1770"]
[BlackElo "1894"]
[PlyCount "74"]
[EventDate "2012.09.14"]
[EventType "swiss"]
[EventRounds "7"]
[EventCountry "GER"]
[SourceTitle "EXT 2015"]
[Source "ChessBase"]
[SourceDate "2014.11.20"]
[SourceVersion "1"]
[SourceVersionDate "2014.11.20"]
[SourceQuality "1"]

1. e4 c5 2. Nf3 d6 3. d4 cxd4 4. Nxd4 Nf6 5. Nc3 a6 6. f4 b5 7. a3 Bb7 8. Bd3 Nbd7 9. Nf3 e6 10. 0-0 Be7 11. Qe1 Qc7 12. Be3 0-0 13. Ng5 h6 14. Nf3 Ng4 15. Bd4 e5 16. Nd5 Bxd5 17. exd5 Rfe8 18. fxe5 dxe5 19. Qg3 Ngf6 20. Nxe5 Nxe5 21. Bxe5 Bc5+ 22. Kh1 Qxe5 23. Qf3 Qxd5 24. Qg3 Bd6 25. Qh4 Qh5 26. Qxh5 Nxh5 27. a4 b4 28. Bc4 Nf6 29. Rad1 Be5 30. b3 a5 31. Bb5 Re7 32. Rde1 Raa7 33. Rd1 Ng4 34. Rd8+ Kh7 35. h3 Ne3 36. Re1 Bg3 37. Re2 Nf5 0-1

[Event "Solingen-ch"]
[Site "Solingen"]
[Date "2012.09.28"]
[Round "2"]
[White "Zolfagharian, Kevin"]
[Black "Skiber, Friedel"]
[Result "1-0"]
[WhiteElo "1981"]
[BlackElo "1770"]
[PlyCount "79"]
[EventDate "2012.09.14"]
[EventType "swiss"]
[EventRounds "7"]
[EventCountry "GER"]
[SourceTitle "EXT 2015"]
[Source "ChessBase"]
[SourceDate "2014.11.20"]
[SourceVersion "1"]
[SourceVersionDate "2014.11.20"]
[SourceQuality "1"]

1. e4 d6 2. d4 Nf6 3. Nc3 g6 4. Nf3 Bg7 5. Be3 Ng4 6. Bg5 h6 7. Bh4 g5 8. Bg3 Nd7 9. h3 Ngf6 10. e5 Nh5 11. Bh2 a6 12. Bc4 Nb6 13. Bb3 d5 14. a4 a5 15. Nd2 Nf4 16. Bxf4 gxf4 17. Qf3 Be6 18. Qxf4 h5 19. Qh4 f6 20. f4 Qd7 21. Nf1 Nc4 22. Bxc4 dxc4 23. 0-0-0 c6 24. Ne3 0-0-0 25. d5 cxd5 26. Nexd5 Bxd5 27. Nxd5 Kb8 28. Nc3 Qf5 29. Rde1 Rd4 30. Rhf1 Rhd8 31. Re2 Bh6 32. Ref2 fxe5 33. Qxe7 Bxf4+ 34. Kb1 R4d7 35. Qc5 Rd2 36. Rxd2 Rxd2 37. Rc1 Bh6 38. Nb5 Qh7 39. Qa7+ Kc8 40. Qa8+ 1-0

[Event "Leverkusen Bayer op 10th"]
[Site "Leverkusen"]
[Date "2012.01.11"]
[Round "1"]
[White "Skiber, Friedel"]
[Black "Balduan, Markus"]
[Result "0-1"]
[WhiteElo "1554"]
[BlackElo "2194"]
[PlyCount "108"]
[EventDate "2012.01.11"]
[EventType "swiss"]
[EventRounds "7"]
[EventCountry "GER"]
[SourceTitle "EXT 2014"]
[Source "ChessBase"]
[SourceDate "2013.11.20"]
[SourceVersion "1"]
[SourceVersionDate "2013.11.20"]
[SourceQuality "1"]

1. e4 c5 2. Nf3 g6 3. Nc3 Bg7 4. d4 cxd4 5. Nxd4 Nc6 6. Nb3 Nf6 7. Bd3 0-0 8. 0-0 d6 9. f4 a6 10. Qe1 b5 11. a3 Be6 12. Nd2 b4 13. Ne2 bxa3 14. Rxa3 Nb4 15. f5 Bd7 16. Nf3 Nxd3 17. Rxd3 Nxe4 18. fxg6 hxg6 19. Nf4 Nc5 20. Ra3 e5 21. Nd5 Bc6 22. c4 Ne6 23. Qg3 e4 24. Ng5 Bxd5 25. cxd5 Nxg5 26. Bxg5 Qb6+ 27. Kh1 Qxb2 28. Rb3 Qe2 29. Re1 Qh5 30. Bf4 Be5 31. Bxe5 Qxe5 32. Qxe5 dxe5 33. Rxe4 f6 34. d6 Kf7 35. Rd3 Ke6 36. g3 Rfd8 37. Rb4 Rxd6 38. Ra3 a5 39. Rb5 a4 40. Kg2 Raa6 41. Rb4 Rd4 42. Rb7 f5 43. Kf3 g5 44. h3 Rad6 45. Ke3 f4+ 46. gxf4 gxf4+ 47. Kf3 Rd3+ 48. Rxd3 Rxd3+ 49. Kg4 Rg3+ 50. Kh4 a3 51. Ra7 Kf5 52. Rf7+ Ke4 53. Ra7 Rd3 54. Kg4 f3 0-1

[Event "Leverkusen-ch op"]
[Site "Leverkusen"]
[Date "2010.04.26"]
[Round "7"]
[White "Granz, Thomas"]
[Black "Skiber, Friedel"]
[Result "0-1"]
[WhiteElo "1735"]
[BlackElo "1602"]
[PlyCount "76"]
[EventDate "2010.01.18"]
[EventType "swiss"]
[EventRounds "7"]
[EventCountry "GER"]
[SourceTitle "EXT 2011"]
[Source "ChessBase"]
[SourceDate "2010.11.26"]
[SourceVersion "1"]
[SourceVersionDate "2010.11.26"]
[SourceQuality "1"]

1. e4 g6 2. Nf3 Bg7 3. d4 d6 4. Be3 Nf6 5. Bd3 Nc6 6. c3 e5 7. d5 Ne7 8. Nbd2 c6 9. c4 0-0 10. Qc2 cxd5 11. cxd5 Nh5 12. 0-0 f5 13. Bg5 h6 14. Bxe7 Qxe7 15. exf5 gxf5 16. Be2 Nf4 17. Nb3 e4 18. Nfd4 Qg5 19. g3 Nh3+ 20. Kh1 f4 21. Qxe4 fxg3 22. Ne6 Rxf2 23. Rxf2 Nxf2+ 24. Kg2 Nxe4 25. Nxg5 hxg5 26. hxg3 Bxb2 27. Rh1 b6 28. Bd3 Nf6 29. Rh6 g4 30. Nd2 Bb7 31. Be4 Nxe4 32. Nxe4 Bxd5 33. Rg6+ Kh7 34. Rxg4 Re8 35. Rh4+ Kg6 36. Rg4+ Kf5 37. Rf4+ Ke5 38. Kf3 Kd4 0-1